00540 2200193 4500001002100000005001500021007000300036008004100039035002000080082001000100084001600110100002100126245006700147260003000214300004200244650003100286650000900317650002000326INLIS00000000000153620250930102402ta250930 g 0 ind  a0010-0925000050 a633.1 a633.1 RAT p0 aRathi Frima Zona1 aPetunjuk Teknis Budidaya Jagung Terstandar /cRathi Frima Zona aRiau :bBPSIP Riau,c2024 av, 109 hlm, :bilus, ;c15 cm x 21 cm 4aBudidaya Jagung Terstandar 4aBuku 4aPetunjuk Teknis